|
|
|
|
| LEADER |
00000nam0a2200000 4500 |
| 001 |
326687 |
| 005 |
20231102003903.0 |
| 035 |
|
|
|a (RuTPU)RU\TPU\book\352347
|
| 090 |
|
|
|a 326687
|
| 100 |
|
|
|a 20170113d1974 km y0rusy50 ca
|
| 101 |
0 |
|
|a rus
|
| 102 |
|
|
|a RU
|
| 105 |
|
|
|a a z 001zy
|
| 200 |
1 |
|
|a Эмиссионная спектроскопия аэрозолей в металлургии
|f В. В. Гусарский, Г. И. Фридман
|
| 210 |
|
|
|a Москва
|c Металлургия
|d 1974
|
| 215 |
|
|
|a 160 с.
|c черт.
|
| 320 |
|
|
|a Библиогр.: с. 146-158
|
| 606 |
1 |
|
|a Металлургические материалы
|x Спектральный анализ
|2 stltpush
|3 (RuTPU)RU\TPU\subj\42882
|9 62499
|
| 610 |
1 |
|
|a эмиссионная спектроскопия
|
| 610 |
1 |
|
|a аэрозоли
|
| 610 |
1 |
|
|a металлургия
|
| 610 |
1 |
|
|a аэрозольный метод
|
| 610 |
1 |
|
|a плазмотроны
|
| 610 |
1 |
|
|a высокочастотные разряды
|
| 610 |
1 |
|
|a ультразвуковое распыление
|
| 675 |
|
|
|a 669:543.42
|v 3
|
| 700 |
|
1 |
|a Гусарский
|b В. В.
|g Владимир Васильевич
|
| 701 |
|
1 |
|a Фридман
|b Г. И.
|g Григорий Иосифович
|
| 801 |
|
1 |
|a RU
|b 63413507
|c 20170113
|
| 801 |
|
2 |
|a RU
|b 63413507
|c 20191017
|g RCR
|
| 942 |
|
|
|c BK
|